000 00333nam a22001457a 4500
008 210602b ||||| |||| 00| 0 eng d
020 _a9781555426033
041 _aeng
080 _a316
082 _a316
100 _a50
101 _aSOC
245 _aShared Values for a Troubled World
_cRushworth M. Kidder
942 _2udc
_cBK
999 _c57918
_d57918